[Event "Oskarja Memorial 10th"]
[Site "Chess.com INT"]
[Date "2021.01.16"]
[Round "5"]
[White "Gombac, Jan"]
[Black "Berke, Ana"]
[Result "1-0"]
[WhiteElo "2256"]
[BlackElo "2051"]
[PlyCount "119"]
[EventDate "2021.01.16"]
[EventType "swiss (blitz)"]
[EventRounds "15"]
[EventCountry "SLO"]
[SourceTitle "CBM 200 Extra"]
[Source "ChessBase"]
[SourceDate "2021.03.31"]
[SourceVersion "1"]
[SourceVersionDate "2021.03.31"]
[SourceQuality "1"]

1. d4 d5 2. c4 e6 3. Nc3 a6 4. cxd5 exd5 5. Nf3 c6 6. Bg5 Be7 7. h4 h6 8. Bf4 Bd6 9. Qd2 Nf6 10. Bxd6 Qxd6 11. e3 Bf5 12. Bd3 Bxd3 13. Qxd3 Nbd7 14. 0-0-0 b5 15. Kb1 b4 16. Na4 Ne4 17. Rhf1 0-0 18. Rc1 c5 19. dxc5 Ndxc5 20. Nxc5 Nxc5 21. Qd4 Ne4 22. Nd2 Nxd2+ 23. Qxd2 Rfd8 24. Qd4 a5 25. Rc5 a4 26. Rd1 Qg6+ 27. Qd3 Qxg2 28. Rxd5 Rxd5 29. Qxd5 Qxd5 30. Rxd5 b3 31. axb3 axb3 32. Rb5 Rd8 33. Rxb3 Rd2 34. f3 Rf2 35. e4 Rh2 36. Rb8+ Kh7 37. b4 Rxh4 38. b5 Rf4 39. b6 Rxf3 40. Kc2 Rf6 41. Kd3 Rc6 42. Kd4 Rc1 43. Ra8 Rb1 44. Kc5 h5 45. Ra5 Rc1+ 46. Kd6 Rb1 47. Kc6 h4 48. Rh5+ Kg6 49. Rxh4 Kg5 50. Rh2 Kf4 51. Re2 Kf3 52. Rc2 Kxe4 53. Rc5 f5 54. Rb5 Rh1 55. b7 Rh8 56. Kc7 g5 57. Rb4+ Ke3 58. Rb3+ Ke4 59. Rb4+ Ke3 60. Rb3+ 1-0

[Event "Oskarja Memorial 10th"]
[Site "Chess.com INT"]
[Date "2021.01.16"]
[Round "9"]
[White "Gombac, Jan"]
[Black "Hrescak, Ivana"]
[Result "1/2-1/2"]
[WhiteElo "2256"]
[BlackElo "1986"]
[PlyCount "115"]
[EventDate "2021.01.16"]
[EventType "swiss (blitz)"]
[EventRounds "15"]
[EventCountry "SLO"]
[SourceTitle "CBM 200 Extra"]
[Source "ChessBase"]
[SourceDate "2021.03.31"]
[SourceVersion "1"]
[SourceVersionDate "2021.03.31"]
[SourceQuality "1"]

1. d4 Nf6 2. c4 g6 3. Nc3 Bg7 4. e4 d6 5. Nf3 0-0 6. Be2 e5 7. 0-0 Nc6 8. d5 Ne7 9. b4 Nd7 10. a4 a5 11. Ba3 axb4 12. Bxb4 f5 13. Ng5 Nc5 14. Bxc5 dxc5 15. Bf3 f4 16. Bg4 Nf5 17. exf5 Qxg5 18. Ne4 Qe7 19. fxg6 hxg6 20. Bxc8 Raxc8 21. Qg4 Kh7 22. Ng5+ Kg8 23. Ne6 Rfe8 24. Qxg6 b6 25. Rae1 Qf6 26. Qg4 Rxe6 27. dxe6 Re8 28. Rd1 Qxe6 29. Qxe6+ Rxe6 30. f3 Bf8 31. Rfe1 Bd6 32. Kf1 Re8 33. Kf2 Ra8 34. Ra1 Ra5 35. g4 fxg3+ 36. hxg3 Kg7 37. Ke3 Kg6 38. Ke4 Ra8 39. f4 exf4 40. gxf4 Re8+ 41. Kf3 Rxe1 42. Rxe1 Kf5 43. Re4 Kf6 44. Kg4 Kg6 45. Re6+ Kf7 46. Kf5 Bxf4 47. Rf6+ Ke7 48. Re6+ Kf7 49. Re2 Bd6 50. Ke4 Ke6 51. Rg2 Kd7 52. Rg7+ Kc6 53. Rg6 Kb7 54. Kd5 Ka6 55. Rg2 Ka5 56. Ra2 Bf4 57. Ke4 Bd6 58. Kd5 1/2-1/2

[Event "Nova Gorica op 25th"]
[Site "Nova Gorica"]
[Date "2020.01.29"]
[Round "8"]
[White "Lodici, Lorenzo"]
[Black "Gombac, Jan"]
[Result "1-0"]
[WhiteElo "2477"]
[BlackElo "2259"]
[PlyCount "93"]
[EventDate "2020.01.24"]
[EventType "swiss"]
[EventRounds "9"]
[EventCountry "SLO"]
[SourceTitle "CBM 194"]
[Source "ChessBase"]
[SourceDate "2020.01.27"]
[SourceVersion "1"]
[SourceVersionDate "2020.01.27"]
[SourceQuality "1"]

1. d4 d6 2. e4 c6 3. Nf3 Nf6 4. Nc3 Bg4 5. Be2 e6 6. 0-0 d5 7. e5 Nfd7 8. Ng5 Bxe2 9. Qxe2 Be7 10. Qg4 0-0 11. Ne2 c5 12. c3 cxd4 13. cxd4 Nc6 14. Rd1 Qe8 15. h4 h6 16. Nf3 Kh7 17. g3 f5 18. exf6 Bxf6 19. Nf4 e5 20. Nxd5 Qf7 21. Nc7 Rac8 22. Ne6 exd4 23. Nxf8+ Rxf8 24. Bf4 Qd5 25. Re1 Nc5 26. Rad1 d3 27. Be3 Ne6 28. Bxa7 Bxb2 29. Rxe6 Qxf3 30. Qg6+ Kh8 31. Rxd3 Qf5 32. Qxf5 Rxf5 33. Bb6 Ne5 34. Rb3 Ba1 35. Kg2 Nc4 36. Bc7 b5 37. Bf4 Rd5 38. Re8+ Kh7 39. Rb8 g5 40. hxg5 hxg5 41. Bc1 Nd6 42. Rd8 Bf6 43. Rd7+ Kg6 44. Ba3 Be5 45. Bxd6 Bxd6 46. Rf3 b4 47. Rf8 1-0

[Event "Nova Gorica op 25th"]
[Site "Nova Gorica"]
[Date "2020.01.26"]
[Round "5"]
[White "Gombac, Jan"]
[Black "Skrbec, Leon"]
[Result "1-0"]
[WhiteElo "2259"]
[BlackElo "2025"]
[PlyCount "65"]
[EventDate "2020.01.24"]
[EventType "swiss"]
[EventRounds "9"]
[EventCountry "SLO"]
[SourceTitle "CBM 194"]
[Source "ChessBase"]
[SourceDate "2020.01.27"]
[SourceVersion "1"]
[SourceVersionDate "2020.01.27"]
[SourceQuality "1"]

1. d4 Nf6 2. c4 e6 3. Nf3 Bb4+ 4. Nbd2 0-0 5. a3 Bxd2+ 6. Qxd2 b6 7. e3 Bb7 8. Be2 Ne4 9. Qc2 f5 10. 0-0 d6 11. b4 a5 12. Bb2 Nd7 13. d5 e5 14. Bd3 Ng5 15. Nxg5 Qxg5 16. f4 exf4 17. exf4 Qg4 18. Rae1 axb4 19. axb4 Ra2 20. Qb1 Rxb2 21. Qxb2 b5 22. Re7 Rf7 23. Rxf7 Kxf7 24. h3 Qh5 25. Qc2 Nb6 26. cxb5 Nxd5 27. Bc4 Ke8 28. Bxd5 Bxd5 29. Qxc7 g5 30. Re1+ Be4 31. b6 Qh4 32. Rxe4+ fxe4 33. b7 1-0

[Event "Nova Gorica op 25th"]
[Site "Nova Gorica"]
[Date "2020.01.25"]
[Round "2"]
[White "Plenca, Jadranko"]
[Black "Gombac, Jan"]
[Result "1-0"]
[WhiteElo "2463"]
[BlackElo "2259"]
[PlyCount "129"]
[EventDate "2020.01.24"]
[EventType "swiss"]
[EventRounds "9"]
[EventCountry "SLO"]
[SourceTitle "CBM 194"]
[Source "ChessBase"]
[SourceDate "2020.01.27"]
[SourceVersion "1"]
[SourceVersionDate "2020.01.27"]
[SourceQuality "1"]

1. e4 c6 2. Nc3 d6 3. d4 e5 4. a4 Nf6 5. g3 Be7 6. Bg2 0-0 7. Nge2 a5 8. 0-0 Na6 9. h3 Nb4 10. f4 exd4 11. Nxd4 Re8 12. Be3 Bf8 13. Bf2 d5 14. e5 Nd7 15. Re1 Nc5 16. Qd2 Bd7 17. g4 f6 18. exf6 Qxf6 19. Nf3 Rxe1+ 20. Rxe1 Re8 21. Ne5 Bc8 22. Bd4 Ne6 23. Nxc6 Nxd4 24. Rxe8 Qxc6 25. Rxf8+ Kxf8 26. Qxd4 Nxc2 27. Qa7 Be6 28. Qb8+ Ke7 29. Qe5 Kf8 30. Qb8+ Ke7 31. Qe5 Kf8 32. Nxd5 Bxd5 33. Qxd5 Qxa4 34. Qc5+ Ke8 35. Qc8+ Ke7 36. Qxb7+ Kd6 37. Qd5+ Kc7 38. Qe5+ Kd8 39. Qd6+ Qd7 40. Qf8+ Qe8 41. Qxe8+ Kxe8 42. Be4 Nb4 43. Kf2 h6 44. Ke3 Ke7 45. Kd4 Kd6 46. Kc4 Na6 47. Kb5 Nc5 48. Bf5 Nb3 49. Ka4 Nd4 50. Kxa5 Ne2 51. h4 h5 52. g5 Nxf4 53. b4 Nd5 54. b5 Kc5 55. Bg6 Nf4 56. Be8 Nd5 57. Bxh5 Nb6 58. Bf7 Nc8 59. Be6 Nd6 60. b6 Kd4 61. Ka6 Ke5 62. Bd7 Kf4 63. b7 Nxb7 64. Kxb7 g6 65. Kc6 1-0

[Event "SLO-chT 29th"]
[Site "Slovenia"]
[Date "2019.09.06"]
[Round "1.2"]
[White "Gombac, Jan"]
[Black "Zirkelbach, Maj"]
[Result "1-0"]
[WhiteElo "2246"]
[BlackElo "2221"]
[PlyCount "65"]
[EventDate "2019.09.06"]
[EventType "team-tourn"]
[EventRounds "9"]
[EventCountry "SLO"]
[SourceTitle "CBM 192 Extra"]
[Source "Chessbase"]
[SourceDate "2019.11.06"]
[SourceVersion "1"]
[SourceVersionDate "2019.11.06"]
[SourceQuality "1"]
[WhiteTeam "Krsko Triglav"]
[BlackTeam "Novo Mesto Krka"]
[WhiteTeamCountry "SLO"]
[BlackTeamCountry "SLO"]

1. d4 Nf6 2. c4 e6 3. Nf3 d5 4. Nc3 Bb4 5. cxd5 exd5 6. Bg5 0-0 7. e3 Nbd7 8. Qb3 c5 9. dxc5 Qa5 10. Bxf6 Nxf6 11. Bd3 Be6 12. Nd4 Nd7 13. c6 Ne5 14. Qc2 bxc6 15. Bxh7+ Kh8 16. Bd3 c5 17. Nxe6 fxe6 18. 0-0 Bxc3 19. bxc3 Rab8 20. Be2 c4 21. f4 Nd7 22. e4 Nc5 23. exd5 exd5 24. Kh1 Rfe8 25. Qg6 Kg8 26. f5 Ne4 27. f6 Nxf6 28. Rxf6 Qxc3 29. Qf7+ Kh8 30. Qh5+ Kg8 31. Qxd5+ Kh8 32. Rff1 Rbc8 33. Rac1 1-0

[Event "SLO-chT 28th"]
[Site "Slovenia"]
[Date "2018.11.09"]
[Round "4.3"]
[White "Supancic, Darko"]
[Black "Gombac, Jan"]
[Result "1-0"]
[WhiteElo "2299"]
[BlackElo "2277"]
[PlyCount "127"]
[EventDate "2018.11.02"]
[EventType "team-tourn"]
[EventRounds "9"]
[EventCountry "SLO"]
[SourceTitle "CBM 187 Extra"]
[Source "ChessBase"]
[SourceDate "2018.11.04"]
[SourceVersion "1"]
[SourceVersionDate "2018.11.04"]
[SourceQuality "1"]
[WhiteTeam "Maribor Branik"]
[BlackTeam "Krsko Triglav"]
[WhiteTeamCountry "SLO"]
[BlackTeamCountry "SLO"]

1. Nf3 c5 2. g3 g6 3. Bg2 Bg7 4. 0-0 Nc6 5. c3 e5 6. e4 Nge7 7. d3 0-0 8. Nbd2 d5 9. a3 h6 10. b4 cxb4 11. axb4 d4 12. cxd4 Nxd4 13. Nxd4 Qxd4 14. Nb3 Qc3 15. Be3 Rd8 16. Qb1 Qxd3 17. Qb2 Nc6 18. h3 Qb5 19. Rfc1 Nxb4 20. Bf1 Nd3 21. Qc2 Be6 22. Nc5 Rac8 23. Rab1 Qc6 24. Bxd3 Bxh3 25. Qe2 b6 26. Na6 Qd6 27. Bc4 Be6 28. Bxe6 Qxe6 29. Nc7 Qh3 30. Nd5 Bf8 31. Qa6 h5 32. Rxc8 Rxc8 33. Qxa7 h4 34. Qd7 Qxd7 35. Nf6+ Kg7 36. Nxd7 hxg3 37. fxg3 Rc4 38. Bg5 f5 39. Bf6+ Kg8 40. Rxb6 Bc5+ 41. Nxc5 Rxc5 42. Bg5 Kg7 43. Rb7+ Kg8 44. Re7 Kf8 45. Re6 Kg7 46. Kg2 Rb5 47. Kh3 fxe4 48. Bf6+ Kf7 49. Rxe5 Rb4 50. Bg5 Ra4 51. Kg4 e3+ 52. Kf3 Rc4 53. Re7+ Kf8 54. Rxe3 Kf7 55. Re7+ Kf8 56. Rb7 Kg8 57. Bf4 Ra4 58. Kg4 Ra5 59. Re7 Rc5 60. Re5 Rc6 61. Kg5 Kf7 62. Rd5 Re6 63. Rd7+ Kg8 64. Rd6 1-0

[Event "SLO-chT 28th"]
[Site "Slovenia"]
[Date "2018.11.04"]
[Round "3.4"]
[White "Gombac, Jan"]
[Black "Justin, Matjaz"]
[Result "1/2-1/2"]
[WhiteElo "2277"]
[BlackElo "2278"]
[PlyCount "70"]
[EventDate "2018.11.02"]
[EventType "team-tourn"]
[EventRounds "9"]
[EventCountry "SLO"]
[SourceTitle "CBM 187 Extra"]
[Source "ChessBase"]
[SourceDate "2018.11.04"]
[SourceVersion "1"]
[SourceVersionDate "2018.11.04"]
[SourceQuality "1"]
[WhiteTeam "Krsko Triglav"]
[BlackTeam "Vrhnika"]
[WhiteTeamCountry "SLO"]
[BlackTeamCountry "SLO"]

1. e4 c5 2. Nf3 d6 3. Bb5+ Nd7 4. c3 Ngf6 5. Qe2 e5 6. d4 a6 7. Bd3 Be7 8. 0-0 b5 9. a4 c4 10. Bc2 Rb8 11. Rd1 Qc7 12. Nbd2 0-0 13. Nf1 Re8 14. dxe5 dxe5 15. Bg5 h6 16. Bxf6 Nxf6 17. Ne3 Bb7 18. Nd5 Bxd5 19. exd5 e4 20. Nd4 Bc5 21. Nf5 Qe5 22. Ng3 e3 23. fxe3 Nxd5 24. Nf1 Nxe3 25. Nxe3 Qxe3+ 26. Qxe3 Rxe3 27. Kf1 Re6 28. Rd5 Rf6+ 29. Rf5 Rxf5+ 30. Bxf5 g6 31. Be4 f5 32. Bd5+ Kg7 33. axb5 axb5 34. Ra5 Rb6 35. Bxc4 bxc4 1/2-1/2

[Event "SLO-chT 28th"]
[Site "Slovenia"]
[Date "2018.11.03"]
[Round "2.2"]
[White "Borisek, Jure"]
[Black "Gombac, Jan"]
[Result "1-0"]
[WhiteElo "2577"]
[BlackElo "2277"]
[PlyCount "111"]
[EventDate "2018.11.02"]
[EventType "team-tourn"]
[EventRounds "9"]
[EventCountry "SLO"]
[SourceTitle "CBM 187 Extra"]
[Source "ChessBase"]
[SourceDate "2018.11.04"]
[SourceVersion "1"]
[SourceVersionDate "2018.11.04"]
[SourceQuality "1"]
[WhiteTeam "Maribor"]
[BlackTeam "Krsko Triglav"]
[WhiteTeamCountry "SLO"]
[BlackTeamCountry "SLO"]

1. e4 c5 2. Nf3 e6 3. d4 cxd4 4. Nxd4 Nf6 5. Nc3 d6 6. g4 h6 7. Be3 Nc6 8. h3 a6 9. Bg2 Nd7 10. Qe2 g5 11. 0-0-0 Nce5 12. f4 gxf4 13. Bxf4 Qa5 14. Kb1 b5 15. Qf2 Bb7 16. Rhf1 Bg7 17. Nce2 Nc4 18. Bc1 Nde5 19. Nf4 0-0-0 20. Nh5 Bf8 21. Ka1 Be7 22. Nf6 Qb4 23. Qg3 Kb8 24. h4 Rc8 25. g5 hxg5 26. hxg5 Rc7 27. c3 Qa5 28. Nc2 Qb6 29. Qe1 Rh2 30. Qg3 Rh8 31. Kb1 Ka8 32. Rh1 Rhc8 33. Qe1 Qc6 34. Rh3 a5 35. b3 Nb6 36. Nd4 Qc5 37. b4 axb4 38. cxb4 Qc4 39. Bf1 Qxc1+ 40. Rxc1 Rxc1+ 41. Qxc1 Rxc1+ 42. Kxc1 Bxf6 43. gxf6 Bxe4 44. Nxb5 Nbc4 45. Bxc4 Nxc4 46. Nc7+ Kb7 47. Nxe6 Bf5 48. Nd8+ Kb6 49. Rc3 Ne5 50. a4 Bd7 51. a5+ Ka6 52. Rc7 Bb5 53. Nxf7 Nd3+ 54. Kd2 Nxb4 55. Nxd6 Nd5 56. Nxb5 1-0

[Event "SLO-ch 28th"]
[Site "Ljubljana"]
[Date "2018.05.02"]
[Round "7"]
[White "Gombac, Jan"]
[Black "Subelj, Jan"]
[Result "0-1"]
[WhiteElo "2303"]
[BlackElo "2285"]
[PlyCount "72"]
[EventDate "2018.04.27"]
[EventType "swiss"]
[EventRounds "9"]
[EventCountry "SLO"]
[SourceTitle "CBM 184 Extra"]
[Source "ChessBase"]
[SourceDate "2018.06.28"]
[SourceVersion "1"]
[SourceVersionDate "2018.06.28"]
[SourceQuality "1"]

1. d4 Nf6 2. c4 e6 3. Nc3 d5 4. Bg5 Be7 5. e3 h6 6. Bh4 0-0 7. Rc1 b6 8. cxd5 Nxd5 9. Nxd5 exd5 10. Bxe7 Qxe7 11. Bd3 c5 12. Ne2 Be6 13. 0-0 Nd7 14. Nf4 Rfd8 15. Bb1 Nf6 16. dxc5 bxc5 17. Nxe6 fxe6 18. b3 e5 19. e4 dxe4 20. Qc2 Rac8 21. Qc4+ Kh8 22. Bxe4 Rd4 23. Qa6 Rcd8 24. Bf5 e4 25. Qe6 Qc7 26. Bg6 R4d6 27. Qf7 R6d7 28. Qc4 Ng4 29. g3 Ne5 30. Qxe4 Rd4 31. Qf5 Qd6 32. Rce1 Rd5 33. Rxe5 Qxe5 34. Qf3 Qf6 35. Qe4 Rg5 36. Be8 Re5 0-1

[Event "Nova Gorica op 23rd"]
[Site "Nova Gorica"]
[Date "2018.01.31"]
[Round "8"]
[White "Gombac, Jan"]
[Black "Kejzar, Petra"]
[Result "1-0"]
[WhiteElo "2306"]
[BlackElo "2039"]
[PlyCount "77"]
[EventDate "2018.01.26"]
[EventType "swiss"]
[EventRounds "9"]
[EventCountry "SLO"]
[SourceTitle "CBM 182 Extra"]
[Source "ChessBase"]
[SourceDate "2018.02.23"]
[SourceVersion "1"]
[SourceVersionDate "2018.02.23"]
[SourceQuality "1"]

1. d4 d6 2. c4 e5 3. Nf3 e4 4. Ng5 f5 5. Nc3 Be7 6. Nh3 Nf6 7. g3 c6 8. Bg2 0-0 9. 0-0 Be6 10. d5 Bf7 11. Ng5 Nbd7 12. Nxf7 Rxf7 13. f3 Qb6+ 14. Kh1 exf3 15. exf3 Ne5 16. b3 Nfd7 17. Re1 Nc5 18. Be3 Qa5 19. Ne2 Ned3 20. Rf1 Bf6 21. Bd2 Qb6 22. Bc3 a5 23. dxc6 bxc6 24. Qc2 Re8 25. Bxf6 Rxf6 26. Rad1 Rfe6 27. Nd4 Re3 28. Nxf5 Re2 29. Qc3 Qc7 30. Rxd3 Nxd3 31. Qxd3 Rxa2 32. f4 Ree2 33. Nh4 Qe7 34. Qf3 Qb7 35. f5 Reb2 36. f6 Rxb3 37. f7+ Kf8 38. Qh5 Rb1 39. Ng6+ 1-0

[Event "Nova Gorica op 23rd"]
[Site "Nova Gorica"]
[Date "2018.01.30"]
[Round "7"]
[White "Gombac, Jan"]
[Black "Marn, Jan"]
[Result "1/2-1/2"]
[WhiteElo "2306"]
[BlackElo "2035"]
[PlyCount "101"]
[EventDate "2018.01.26"]
[EventType "swiss"]
[EventRounds "9"]
[EventCountry "SLO"]
[SourceTitle "CBM 182 Extra"]
[Source "ChessBase"]
[SourceDate "2018.02.23"]
[SourceVersion "1"]
[SourceVersionDate "2018.02.23"]
[SourceQuality "1"]

1. d4 d5 2. c4 e6 3. Nc3 Be7 4. Nf3 Nf6 5. Bg5 h6 6. Bh4 0-0 7. e3 b6 8. Bd3 dxc4 9. Bxc4 Bb7 10. 0-0 Nbd7 11. Qe2 Ne4 12. Nxe4 Bxh4 13. Nc3 Bf6 14. Rfd1 Qe7 15. e4 g6 16. Ba6 Bxa6 17. Qxa6 c5 18. e5 Bg7 19. Qb7 Rfb8 20. Qe4 cxd4 21. Rxd4 Nc5 22. Qe3 Rd8 23. Rad1 Nb7 24. h4 Rxd4 25. Rxd4 Rd8 26. h5 Rxd4 27. Qxd4 gxh5 28. Ne4 Qd8 29. Qa4 Qb8 30. Nf6+ Bxf6 31. exf6 Nc5 32. Qd4 Qa8 33. Qf4 Kh7 34. Ne5 Qe8 35. Qf3 Qf8 36. b4 Na4 37. Qxh5 Nc3 38. Nxf7 Ne4 39. Qh4 Qxf7 40. Qxe4+ Kg8 41. Qd4 h5 42. Kf1 Qc7 43. g3 Kf7 44. Kg2 Qc6+ 45. Kf1 Qc1+ 46. Ke2 Qc2+ 47. Qd2 Qe4+ 48. Kf1 Qh1+ 49. Ke2 Qe4+ 50. Kf1 Qh1+ 51. Ke2 1/2-1/2

[Event "SLO-chT 27th"]
[Site "Slovenia"]
[Date "2017.10.21"]
[Round "5.1"]
[White "Dobrovoljc, Vid"]
[Black "Gombac, Jan"]
[Result "1-0"]
[WhiteElo "2293"]
[BlackElo "2253"]
[PlyCount "123"]
[EventDate "2017.09.29"]
[EventType "team-tourn"]
[EventRounds "9"]
[EventCountry "SLO"]
[SourceTitle "CBM 181 Extra"]
[Source "ChessBase"]
[SourceDate "2017.12.12"]
[SourceVersion "1"]
[SourceVersionDate "2017.12.12"]
[SourceQuality "1"]
[WhiteTeam "Novo Mesto Krka"]
[BlackTeam "Krsko Triglav"]
[WhiteTeamCountry "SLO"]
[BlackTeamCountry "SLO"]

1. e4 c5 2. Nf3 d6 3. c3 Nf6 4. h3 Nc6 5. Bd3 g6 6. 0-0 Bg7 7. Bc2 0-0 8. d4 cxd4 9. cxd4 Nb4 10. Bb3 d5 11. e5 Ne4 12. Re1 b6 13. Nc3 Bb7 14. Bf4 Ba6 15. Nxd5 Nxf2 16. Kxf2 Nxd5 17. Bg5 f6 18. Bh4 Kh8 19. Kg1 Qd7 20. Qd2 Bb7 21. Rac1 Nc7 22. Bg3 Rac8 23. e6 Qd8 24. d5 Nxd5 25. Rcd1 Rc5 26. Bf2 Ra5 27. Bc4 Qd6 28. b4 Qxb4 29. Qxb4 Nxb4 30. Rd7 Bxf3 31. gxf3 Re8 32. Red1 Bf8 33. Rc7 Nxa2 34. Be1 Ra3 35. Ra1 Rxf3 36. Rxa2 Rxh3 37. Raxa7 Rh5 38. Bb4 Rh4 39. Bb5 Rg4+ 40. Kf1 Rf4+ 41. Kg2 Rxb4 42. Bxe8 Kg7 43. Bf7 f5 44. Rc8 Rb2+ 45. Kf1 Rb1+ 46. Ke2 Rb2+ 47. Kd3 Rb3+ 48. Kc2 Rb5 49. Raa8 Rc5+ 50. Rxc5 bxc5 51. Kd3 g5 52. Kc4 g4 53. Kxc5 g3 54. Kd4 g2 55. Ra1 Kf6 56. Rg1 Bh6 57. Rxg2 Bf4 58. Kd5 Bd6 59. Bg8 f4 60. Bxh7 f3 61. Rf2 Kg7 62. Be4 1-0

[Event "SLO-chT 27th"]
[Site "Slovenia"]
[Date "2017.10.01"]
[Round "3.1"]
[White "Gombac, Jan"]
[Black "Peric, Bernard"]
[Result "1-0"]
[WhiteElo "2253"]
[BlackElo "2090"]
[PlyCount "101"]
[EventDate "2017.09.29"]
[EventType "team-tourn"]
[EventRounds "9"]
[EventCountry "SLO"]
[SourceTitle "EXT 2018"]
[Source "ChessBase"]
[SourceDate "2017.10.13"]
[SourceVersion "1"]
[SourceVersionDate "2017.10.13"]
[SourceQuality "1"]
[WhiteTeam "Krsko Triglav"]
[BlackTeam "Zagorje ob Savi"]
[WhiteTeamCountry "SLO"]
[BlackTeamCountry "SLO"]

1. d4 d5 2. c4 c6 3. Nf3 Nf6 4. Nc3 a6 5. c5 b6 6. cxb6 Qxb6 7. Na4 Qc7 8. g3 e6 9. Bg2 Bb4+ 10. Bd2 Bxd2+ 11. Nxd2 Nbd7 12. Rc1 Nb6 13. 0-0 0-0 14. Nc5 e5 15. dxe5 Qxe5 16. Nd3 Qd6 17. Qc2 Bd7 18. Qc5 Qc7 19. e4 Rac8 20. e5 Ng4 21. h3 Nh6 22. g4 Qb8 23. f4 f5 24. exf6 gxf6 25. Nf3 Nf7 26. Nd4 Nc4 27. Rf2 Rfe8 28. b3 Ncd6 29. Qc3 Qa7 30. Nc5 Nb5 31. Nxb5 axb5 32. Qxf6 Qc7 33. g5 Qd8 34. Nxd7 Qxd7 35. h4 Re3 36. f5 Rce8 37. Qxc6 Re1+ 38. Kh2 Qxc6 39. Rxc6 Ne5 40. Bxd5+ Kh8 41. Rc7 Ng4+ 42. Kg3 Nxf2 43. Kxf2 R1e5 44. Be6 b4 45. Kf3 Ra8 46. Rb7 Rf8 47. Rb6 Kg7 48. h5 Re1 49. Rb7+ Kh8 50. g6 hxg6 51. hxg6 1-0

[Event "SLO-chT 27th"]
[Site "Slovenia"]
[Date "2017.09.30"]
[Round "2.1"]
[White "Mazi, Leon"]
[Black "Gombac, Jan"]
[Result "1/2-1/2"]
[WhiteElo "2336"]
[BlackElo "2253"]
[PlyCount "60"]
[EventDate "2017.09.29"]
[EventType "team-tourn"]
[EventRounds "9"]
[EventCountry "SLO"]
[SourceTitle "EXT 2018"]
[Source "ChessBase"]
[SourceDate "2017.10.13"]
[SourceVersion "1"]
[SourceVersionDate "2017.10.13"]
[SourceQuality "1"]
[WhiteTeam "Prevodi Dvojka"]
[BlackTeam "Krsko Triglav"]
[WhiteTeamCountry "SLO"]
[BlackTeamCountry "SLO"]

1. e4 c5 2. Nf3 d6 3. d4 cxd4 4. Qxd4 Nc6 5. Qe3 Nf6 6. h3 e6 7. Be2 d5 8. exd5 Nxd5 9. Qb3 Bc5 10. 0-0 0-0 11. c4 Nf6 12. Rd1 Qc7 13. Be3 b6 14. Bxc5 bxc5 15. Qe3 Ne7 16. Nc3 Nf5 17. Qe5 Qxe5 18. Nxe5 Nd4 19. Bf1 Ba6 20. Nd3 Bxc4 21. Nxc5 Bxf1 22. Rxd4 Rfc8 23. Kxf1 Rxc5 24. Rad1 Rcc8 25. Ra4 g6 26. Ra6 Rab8 27. Rd2 Rc7 28. Ke2 Kg7 29. g3 h5 30. Ra4 Rcb7 1/2-1/2

[Event "SLO-chT"]
[Site "Slovenia"]
[Date "2016.10.14"]
[Round "1"]
[White "Gombac, Jan"]
[Black "Kavcic, Zan"]
[Result "1-0"]
[WhiteElo "2250"]
[BlackElo "2305"]
[PlyCount "47"]
[EventDate "2016.10.14"]
[EventType "team-tourn"]
[EventRounds "9"]
[EventCountry "SLO"]
[SourceTitle "EXT 2017"]
[Source "ChessBase"]
[SourceDate "2016.10.25"]
[SourceVersion "1"]
[SourceVersionDate "2016.10.25"]
[SourceQuality "1"]
[WhiteTeam "Krsko Triglav"]
[BlackTeam "Vrhnika"]
[WhiteTeamCountry "SLO"]
[BlackTeamCountry "SLO"]

1. Nf3 Nf6 2. g3 g6 3. Bg2 Bg7 4. d4 d5 5. c4 c6 6. Qb3 0-0 7. 0-0 Qb6 8. Nc3 dxc4 9. Qxc4 Bf5 10. Ng5 h6 11. e4 Bg4 12. Nf3 Nbd7 13. Be3 Qa5 14. h3 Be6 15. Qd3 Rfd8 16. Qc2 Bc4 17. Rfd1 e5 18. dxe5 Nxe5 19. Rxd8+ Rxd8 20. Nxe5 Qxe5 21. Bxa7 Bd3 22. Qd2 Qa5 23. Qe3 Rd7 24. e5 1-0

[Event "SLO-chT 25th"]
[Site "Otocec"]
[Date "2015.11.27"]
[Round "7.22"]
[White "Gombac, Jan"]
[Black "Murko, David"]
[Result "1/2-1/2"]
[WhiteElo "2256"]
[BlackElo "2275"]
[PlyCount "79"]
[EventDate "2015.10.16"]
[EventType "team-tourn"]
[EventRounds "9"]
[EventCountry "SLO"]
[SourceTitle "EXT 2020"]
[Source "ChessBase"]
[SourceDate "2019.10.17"]
[SourceVersion "1"]
[SourceVersionDate "2019.10.17"]
[SourceQuality "1"]
[WhiteTeam "Krsko Triglav"]
[BlackTeam "Ptuj"]
[WhiteTeamCountry "SLO"]
[BlackTeamCountry "SLO"]

1. Nf3 d5 2. d4 Nf6 3. c4 e6 4. e3 c6 5. Bd3 Nbd7 6. 0-0 dxc4 7. Bxc4 b5 8. Bd3 a6 9. a4 b4 10. e4 Be7 11. Qe2 Bb7 12. Nbd2 c5 13. d5 exd5 14. e5 Nh5 15. Nb1 g6 16. Bh6 Qb6 17. g4 g5 18. e6 Nf4 19. exd7+ Kd8 20. Qxe7+ Kxe7 21. Bxg5+ f6 22. Bxf4 Kxd7 23. Bf5+ Ke7 24. Nbd2 Rae8 25. a5 Qc6 26. Rfc1 c4 27. Nd4 Qc5 28. N2f3 Kf7 29. Kg2 Rhg8 30. Kg3 Re4 31. Bxh7 Rg7 32. Bxe4 dxe4 33. Rd1 exf3 34. Rac1 Be4 35. h3 Rg8 36. Nb3 Qb5 37. Nd4 Qc5 38. Nb3 Qb5 39. Nd4 Qc5 40. Nb3 1/2-1/2

[Event "SLO-chT 25th"]
[Site "Otocec"]
[Date "2015.11.07"]
[Round "5.16"]
[White "Gombac, Jan"]
[Black "Janzelj, Lara"]
[Result "1-0"]
[WhiteElo "2256"]
[BlackElo "2066"]
[PlyCount "73"]
[EventDate "2015.10.16"]
[EventType "team-tourn"]
[EventRounds "9"]
[EventCountry "SLO"]
[SourceTitle "EXT 2020"]
[Source "ChessBase"]
[SourceDate "2019.10.17"]
[SourceVersion "1"]
[SourceVersionDate "2019.10.17"]
[SourceQuality "1"]
[WhiteTeam "Krsko Triglav"]
[BlackTeam "Ig"]
[WhiteTeamCountry "SLO"]
[BlackTeamCountry "SLO"]

1. d4 d5 2. c4 c6 3. Qc2 g6 4. Nf3 Bg7 5. Bf4 Nf6 6. e3 0-0 7. Nc3 Bf5 8. Bd3 Bxd3 9. Qxd3 dxc4 10. Qxc4 b5 11. Qe2 Nbd7 12. 0-0 Nh5 13. Bg5 h6 14. Bh4 g5 15. Ne5 Ndf6 16. Bg3 Rc8 17. Rac1 Nxg3 18. hxg3 Nd5 19. Nd3 a5 20. Rfd1 Qd6 21. Ne4 Qg6 22. Nec5 f5 23. Nd7 Rfd8 24. N7e5 Qf6 25. Nc5 f4 26. gxf4 gxf4 27. e4 Nb6 28. Nb7 Rf8 29. Nxa5 c5 30. Rxc5 Rxc5 31. dxc5 Qxe5 32. cxb6 f3 33. gxf3 Rf6 34. b7 Rg6+ 35. Kf1 Qh2 36. Qxb5 Be5 37. Rd8+ 1-0